000 00306nam a22001097a 4500
008 160504b xxu||||| |||| 00| 0 eng d
020 _a9780880914185
041 _aeng
080 _a612.39
245 _aInternationl dietetics nutrition terminology idnt reference munual:
_cPocket Guide For;
942 _2udc
_cBK
999 _c1783
_d1783